000 00380nam a2200157Ia 4500
999 _c680
_d680
003 OSt
005 20190927192044.0
008 190722s9999 xx 000 0 und d
020 _a978-1408032091
040 _cmaju
100 _aDowling, Festing
245 0 _aInternational Human Resource Management
260 _aIndia
_bCengage Learning
_c2013
300 _a368
942 _cBK
_2ddc